[Event "2017JohnSchleinich"]
[Site "Calgary"]
[Date "2017.??.??"]
[Round "2.6"]
[White "Ebrahim-Shirazi, Behrooz"]
[Black "Dave, Bhavik"]
[Result "1-0"]
[WhiteElo "2066"]
[BlackElo "1909"]
[PlyCount "87"]
[EventDate "2017.??.??"]
[SourceDate "2017.09.01"]

1. d4 Nf6 2. c4 g6 (2... d6 3. Nc3) 3. Nc3 d5 4. Nf3 Bg7 5. Bg5 Ne4 6. cxd5
Nxg5 7. Nxg5 e6 8. Nf3 exd5 9. e3 O-O 10. b4 Be6 11. Be2 Nd7 12. O-O Nf6 13.
Bd3 Qd6 14. Qc2 a6 15. Na4 Nd7 16. Nc5 Nxc5 17. bxc5 Qc6 18. Rab1 Rfb8 19. Rfc1
Bd7 20. e4 Be6 21. Re1 dxe4 22. Bxe4 Bd5 23. Bxd5 Qxd5 24. Qb3 Qxb3 25. Rxb3 b6
26. Re7 bxc5 27. dxc5 Rxb3 28. axb3 Rc8 29. Rd7 Bf6 30. Kf1 Kf8 31. Ke2 Ke8 32.
c6 Rb8 33. Rxc7 Rxb3 34. Nd2 Rb2 35. Kd3 Bd8 36. Ra7 Ba5 37. Nc4 Rb3+ 38. Ke4
Rb4 39. Kd5 Rb5+ 40. Kd4 Bb6+ 41. Nxb6 Rxb6 42. Ra8+ Ke7 43. c7 Rd6+ 44. Kc5
1-0

[Event "2017MOK"]
[Site "Calgary"]
[Date "2017.??.??"]
[Round "2.6"]
[White "Kostadinov, Georgi"]
[Black "Dave, Bhavik"]
[Result "1-0"]
[WhiteElo "2080"]
[BlackElo "1834"]
[PlyCount "57"]
[EventDate "2017.??.??"]
[SourceDate "2017.09.01"]
[TimeControl "90+30"]

1. d4 Nf6 2. c4 g6 3. Nc3 (3. Nf3 d5 4. cxd5 Nxd5 5. e4) 3... d5 4. cxd5 Nxd5
5. e4 Nxc3 6. bxc3 Bg7 7. Qa4+ Nd7 8. Qa3 c5 9. Nf3 O-O 10. Bd3 b6 11. O-O Bb7
12. Rb1 Qc7 13. Bg5 Rfe8 14. Rfe1 Rac8 15. Bh4 cxd4 16. cxd4 e5 17. Rbc1 Qb8
18. Rxc8 Rxc8 19. Bg3 f6 20. Bb5 Bc6 21. Bc4+ Kh8 22. Bb3 Rd8 23. dxe5 fxe5 24.
Ng5 Rf8 25. Nf7+ Rxf7 26. Bxf7 Nc5 27. Bd5 Bb5 28. h3 Bh6 29. Qd3 1-0

[Event "2017 Edmonton International Qualifier"]
[Site "?"]
[Date "2017.04.30"]
[Round "4"]
[White "Malek, Omid"]
[Black "Dave, Bhavik"]
[Result "1-0"]
[WhiteElo "2198"]
[BlackElo "1857"]
[PlyCount "49"]
[SourceDate "2017.09.01"]

1. d4 Nf6 2. Bg5 Ne4 3. Bf4 (3. h4 Nxg5 4. hxg5 e6 5. Nf3 Be7 6. Qd2) 3... c5
4. d5 Qb6 5. Nc3 Nf6 6. Qd2 d6 7. e4 Nbd7 8. Nf3 g6 9. Rb1 Ng4 10. Bb5 a6 11.
Bxd7+ Bxd7 12. h3 Nf6 13. O-O Bg7 14. e5 dxe5 15. Nxe5 O-O 16. Rfe1 Rfe8 17. a3
Qd8 18. Qe3 Rc8 19. g4 b5 20. Rbd1 b4 21. Ne4 Nxe4 22. Qxe4 bxa3 23. bxa3 Bxe5
24. Qxe5 Bb5 25. Bh6 1-0

[Event "2017MOK"]
[Site "Calgary"]
[Date "2017.??.??"]
[Round "4.5"]
[White "Daniluk, Jim"]
[Black "Dave, Bhavik"]
[Result "1-0"]
[WhiteElo "1951"]
[BlackElo "1834"]
[PlyCount "77"]
[EventDate "2017.??.??"]
[SourceDate "2017.09.01"]
[TimeControl "90+30"]

1. d4 Nf6 2. Nf3 g6 3. c4 Bg7 4. g3 (4. e3 O-O 5. Bd3 c6 6. O-O d5 7. Nc3 dxc4
8. Bxc4) 4... O-O 5. Bg2 (5. Bg5 c6) 5... c6 6. O-O d5 7. Nc3 dxc4 8. a4 Be6 9.
e4 a5 10. h3 Na6 11. Qe2 Qc8 12. Ng5 Nb4 13. Be3 Rd8 14. Rfd1 h6 15. Nxe6 Qxe6
16. Rd2 Rd7 17. e5 Nfd5 18. Ne4 Nd3 19. b3 b5 20. bxc4 bxc4 21. Rc2 Nxe3 22.
fxe3 Rb7 23. Nd2 Rb2 24. Nxc4 Qxc4 25. Rxb2 Nxb2 26. Qxb2 Qd3 27. Ra3 Qd1+ 28.
Kh2 Rf8 29. Qb3 Qxb3 30. Rxb3 Rc8 31. Rc3 e6 32. Rc5 Ra8 33. Rxc6 Ra7 34. Rc8+
Bf8 35. e4 Kg7 36. d5 exd5 37. exd5 Bb4 38. d6 f6 39. Rc7+ 1-0

[Event "2017 Edmonton International Qualifier"]
[Site "?"]
[Date "2017.04.30"]
[Round "5"]
[White "Darvekar, Yash"]
[Black "Dinelle, Robert"]
[Result "1-0"]
[WhiteElo "1586"]
[BlackElo "1604"]
[PlyCount "73"]
[SourceDate "2017.09.01"]

1. e4 c6 2. d4 d5 3. e5 Bf5 4. Bf4 e6 5. c4 Bxb1 6. Rxb1 Bb4+ 7. Bd2 Qa5 8. Nf3
Ne7 (8... Bxd2+ 9. Nxd2 Qxa2 10. cxd5 exd5) 9. Be2 O-O 10. a3 Bxd2+ 11. Nxd2
dxc4 12. Bxc4 b5 13. Bb3 Na6 14. O-O Rfd8 15. Ne4 Nf5 16. Qh5 Qc7 17. Ng5 h6
18. Nxe6 fxe6 19. Bxe6+ Kh8 20. Qxf5 Rxd4 21. Rbd1 Rad8 22. Rxd4 Rxd4 23. Bc8 (
23. Qf8+ Kh7 24. Qg8+ Kg6 25. Qe8+ Kg5) 23... Nc5 24. Qf8+ Kh7 25. Qxc5 Rd5 26.
Qc2+ g6 27. Be6 Rxe5 28. Bb3 c5 29. g3 Qe7 30. Ba2 Re2 31. Qb3 Qg7 32. Qxb5
Rxb2 33. Qc4 Rd2 34. Re1 Qf8 35. Re7+ Kh8 36. Qc3+ Rd4 37. Rxa7 1-0

[Event "2017JohnSchleinich"]
[Site "Calgary"]
[Date "2017.??.??"]
[Round "1.7"]
[White "Papneja, Arul"]
[Black "Dodd, Mark"]
[Result "1-0"]
[WhiteElo "1785"]
[BlackElo "1686"]
[PlyCount "28"]
[EventDate "2017.??.??"]
[SourceDate "2017.09.01"]

1. e4 c6 2. d4 d5 3. Nc3 dxe4 4. Nxe4 Nd7 5. Ng5 Ngf6 6. Bd3 e6 7. c3 Be7 8.
Qe2 h6 9. N5h3 (9. N5f3 O-O 10. Qc2 Nb6 11. Bd2 Qc7) 9... O-O 10. Qc2 Nb6 11.
Bd2 Qc7 12. Bf4 Bd6 13. Bxd6 Qxd6 14. O-O-O Nbd5 1-0

[Event "2017JohnSchleinich"]
[Site "Calgary"]
[Date "2017.??.??"]
[Round "3.8"]
[White "Timmerman, Brian"]
[Black "Dodd, Mark"]
[Result "1-0"]
[WhiteElo "1698"]
[BlackElo "1686"]
[PlyCount "47"]
[EventDate "2017.??.??"]
[SourceDate "2017.09.01"]

1. e4 c6 (1... e6 2. Nc3 d5 3. Nf3) 2. Nc3 d5 3. Nf3 Bg4 4. h3 Bh5 5. exd5 cxd5
6. Bb5+ Nc6 7. g4 Bg6 8. Ne5 Qc7 9. d4 e6 10. h4 f6 11. Nxg6 hxg6 12. Qd3 Nge7
13. Bd2 a6 14. Ba4 b5 15. Bb3 g5 16. h5 g6 17. O-O-O gxh5 18. gxh5 Nf5 19. Nxd5
Qf7 20. Nb6 Ncxd4 21. Nxa8 Nxb3+ 22. axb3 Qb7 23. Ba5 Qxa8 24. Qd7# 1-0

[Event "InternationalQualifier"]
[Site "Calgary"]
[Date "????.06.10"]
[Round "3.1"]
[White "Findlay, Ian"]
[Black "Ebrahim-Shirazi, Behrooz"]
[Result "1-0"]
[WhiteElo "2280"]
[BlackElo "2076"]
[PlyCount "67"]
[SourceDate "2017.09.01"]

1. e4 e6 2. d4 d5 3. Nd2 Nf6 4. e5 Nfd7 5. Bd3 c5 6. c3 Nc6 7. Ne2 f6 {
Uncommon. 7. ...cxd4 or 7. ...Qb6 are the main moves. White has two good
responses to the text move: 8. Nf4 or} 8. exf6 Qxf6 9. Nf3 Bd6 10. Bg5 Qf7 11.
Bh4 {Rerouting the bishop to g3 so it can opposed black's strong bishop. An
interesting choice to do so before castling.} e5 12. dxe5 Ndxe5 13. Nxe5 Bxe5
14. Bg3 O-O 15. O-O Bg4 {Black is looking good and has better control of the
center.} 16. f3 Bd7 17. f4 Bc7 18. f5 {Yes, white just played f3-f4-f5 on
consecutive moves, but each came with a point.} Bxg3 19. Nxg3 Ne5 20. Be2 Bc6
21. Qd2 Nd7 {Allowing white to develop with tempo.} 22. Bh5 Qe7 23. Rae1 Qd8
24. Bf3 Nf6 25. Re6 Ne4 26. Bxe4 dxe4 27. Qf4 {Trying to take the e-pawn
directly results in an equal rook ending after} (27. Nxe4 Bxe4 28. Qxd8 Raxd8
29. Rxe4 Rd2 30. Rf2) 27... Qd5 28. Qxe4 Qxa2 29. Qe2 Rae8 30. c4 {The only
try for a good advantage. It's quiet, but it accomplishes two things:
interfering with the black queen's attack on the e6 rook and shutting the
black queen out of the game. Black now needs at least two tempos to get his
queen back into the game. Instead of doing so, he plays Kh8, which is a
blunder.} Kh8 $4 31. Re1 $2 (31. Nh5 {31. Nh5 is surprisingly crushing. The
lines vary greatly, though. For instance:} Qa4 (31... Rg8 32. Nxg7 Rxg7 33.
Rxe8+ Bxe8 34. Qxe8+ Rg8 35. Qe5+ Rg7 36. f6 {with mate to follow.}) 32. Qe5
Rg8 33. f6 Rxe6 34. fxg7+ Rxg7 35. Qxg7#) 31... Qa4 32. f6 gxf6 33. Re7 Qa5 $2
(33... Rxe7 34. Qxe7 Re8 35. Qxf6+ Kg8 {with a strong advantage for white.})
34. Nf5 {And black resigns. White is threatening a rook sac on h7 for mate,
but if black trades off the rook, then white can corner the king with knight +
queen.} 1-0

[Event "2017JohnSchleinich"]
[Site "Calgary"]
[Date "2017.??.??"]
[Round "3.5"]
[White "Rogers, Dustin"]
[Black "Ebrahim-Shirazi, Behrooz"]
[Result "0-1"]
[WhiteElo "1853"]
[BlackElo "2066"]
[PlyCount "96"]
[EventDate "2017.??.??"]
[SourceDate "2017.09.01"]

1. e4 e6 (1... c6 2. d4 d5) 2. d4 d5 3. Nc3 Bb4 4. e5 c5 5. a3 Bxc3+ 6. bxc3
Qa5 7. Bd2 Qa4 8. Qb1 c4 9. Ne2 Nc6 10. g3 Nge7 11. Nf4 Bd7 12. Bh3 h5 13. Qd1
h4 14. Nh5 hxg3 15. hxg3 Rh7 16. Bxe6 Bxe6 17. Nf6+ gxf6 18. Rxh7 O-O-O 19.
exf6 Ng8 20. Bg5 Re8 21. Kf1 Nb8 22. Ra2 Nd7 23. Qf3 Qb5 24. Ra1 Qb2 25. Re1
Qxc2 26. Rh8 Qg6 27. Rxe6 Rxe6 28. Qxd5 Re8 29. Qxc4+ Kb8 30. Bf4+ Ka8 31. Qc7
Ndxf6 32. Be5 Ng4 33. Rh4 Nxe5 34. dxe5 Qa6+ 35. Kg1 Qe6 36. Rd4 Qc8 37. Qxf7
Ne7 38. Rc4 Nc6 39. f4 Qd8 40. Qh5 Rh8 41. Qe2 Qd5 42. Re4 Qc5+ 43. Kg2 Qxc3
44. e6 Qf6 45. Qc4 Qh6 46. Re2 Qh1+ 47. Kf2 Rh2+ 48. Ke3 Qg1+ 0-1

[Event "2017 Trumpeter Classic"]
[Site "Grande Prairie, AB"]
[Date "2017.06.03"]
[Round "1"]
[White "Eddy Tjandrajana"]
[Black "FM Ian Findlay"]
[Result "1/2-1/2"]
[WhiteElo "1662"]
[BlackElo "2280"]
[PlyCount "105"]
[EventDate "2017.??.??"]
[SourceDate "2017.09.01"]

1. d4 Nf6 2. Nc3 d5 3. Bg5 Nbd7 4. Nf3 h6 5. Bh4 e6 6. e4 g5 7. Bg3 dxe4 8. Ne5
Nb6 9. h4 Rg8 10. hxg5 hxg5 (10... Rxg5 11. Bh4 Rg8 12. Nxe4 Be7 13. Qf3 Nfd5
14. Qxf7#) 11. a3 a6 12. Qd2 c5 13. O-O-O cxd4 14. Qxd4 Qxd4 15. Rxd4 Bc5 16.
Rd1 Bd7 17. Nxd7 Nbxd7 18. Bc4 Rc8 19. Bb3 Bxa3 20. Kb1 Bb4 21. Ne2 Ke7 22. c3
Bc5 23. Nd4 Rh8 24. Rxh8 Rxh8 25. Bc2 Rc8 26. Nb3 e5 27. Re1 Bd6 28. Nd2 Nc5
29. f3 Nh5 30. Bf2 exf3 31. Nxf3 f6 32. Nd4 Nf4 33. Nf5+ Ke6 34. Rd1 Bf8 35.
Ne3 e4 36. Rd4 f5 37. g4 fxg4 38. Bd1 Rc6 39. Bxg4+ Kf6 40. Nf5 Nfd3 41. Bg3
Rb6 42. b4 a5 43. Bc7 Rb5 44. Bd8+ Kf7 45. Nd6+ Bxd6 46. Rxd6 Ne5 47. Bh5+ Kf8
48. Bxg5 axb4 49. c4 Nxc4 50. Rf6+ Kg7 51. Rg6+ Kh7 52. Rh6+ Kg7 53. Rg6+
1/2-1/2

[Event "2017MOK"]
[Site "Calgary"]
[Date "2017.??.??"]
[Round "3.2"]
[White "Kobalenko, Jerry"]
[Black "Findlay, Ian"]
[Result "0-1"]
[WhiteElo "2211"]
[BlackElo "2290"]
[Annotator "Ian Findlay"]
[PlyCount "108"]
[EventDate "2017.??.??"]
[SourceDate "2017.09.01"]
[TimeControl "90+30"]

{This is the third game I have played Jerry since moving to Banff in July 2015.
Jerry lives in Canmore , about 20 km's from me, which makes him my nearest
competition. Jerry likes flank games as white, so the opening came as not
surprise.} 1. c4 e6 2. g3 d5 3. Bg2 Nf6 4. Nf3 Be7 5. O-O O-O 6. d4 dxc4 7. Qa4
{In my last round game against Gary Ng, I got crushed when Gary played Ne5.
Qa4 is an older approach, which was popular in the 80's.} a6 8. Qxc4 b5 9. Qc2
Bb7 10. Nc3 $5 {Bd2 was very popular in the 80's. Black finally learned how to
defend which often involves playing Be4 and then later going to g6. Bf4 and
Bg5 are the main alternatives. They are covered nicely by Jan Gustafsson on
chess24 in his video on the Catalan. Kramnik came up with many ideas for white
and Anand found many good ideas for black. Before that, Beliavsky on the white
side and Karpov on the black side.} b4 $5 {I remember Jan in his video saying
the knight is not good on c3 becuause black can chase it away with b4. Black
does gain some space and development, but the c5 square is weakened and
black's normal plan to equalize is to play c5. I did not like Nbd7, since I
remember Fuster playing Ne5 against me in speed games in the 80's where his
doubled e pawns would give him a good attack. Funny the engines don't really
worry about that.} 11. Na4 Be4 12. Qb3 Nc6 13. Bf4 Nd5 14. Qd1 $5 {Allowing
doubled f pawns which white often does in the catalan to gain more control
over the centre. Also possible was Bd2.} Nxf4 15. gxf4 Qd5 16. e3 Rab8 {
I thought for about 10 minutes here. I am working on prophalytic thinking in
my games. Here I say that white's plan should be to play Rc1 and Nc5 to
dislodge the bishop on e4 or trade for bishop on e7 when c7 will become weak.
My idea was to play Rb5 to stop this. I wanted to bring my bishop to d6, then
my knight to the kingside via e7. This play may have been too optimistic and
perhaps the simple Nb8, then Nd7 would be better. It is always harder to find
retreating moves such as Nb8.} 17. b3 Rb5 18. Ne1 Bxg2 19. Nxg2 Bd6 20. Rc1 Ne7
21. Nh4 Ng6 $6 {This does not offer black much.} (21... g5 22. Qg4 Ng6 23. Nxg6
hxg6 24. fxg5 Qxg5 25. Qxg5 Rxg5+ $15) 22. Nxg6 hxg6 23. Qg4 Rfb8 $5 {I did
not want to commit to g5, since it simplifies the game quite a bit. The
engines like g5 a little better immediately.} 24. Rc4 g5 25. fxg5 $6 {Nc5 is
slightly better and should hold the balance.} Qxg5 26. Qxg5 Rxg5+ 27. Kh1 Rbb5
28. f4 Rgf5 $6 {I must stop e4 and e5, but Rg4 was a better way to do this.}
29. Rc6 Ra5 30. Rf2 Kf8 31. Rc4 $6 {I really expected Nb6 during the game,
since Jerry had surprised me with similar tatical shots in our previous 2
games. I thought I could play the deparado Bxf4, but after Nc4 Bd6, white just
plays Rc2 with an equal game.} (31. Nb6 Bxf4 32. Nc4 Bd6 33. Rc2) 31... g5 32.
Kg2 gxf4 33. exf4 Rh5 $2 {This allows Nc5. Better was Kg7 when black has a
nice advantage.} 34. Kg3 $2 {White returns the favour, when now, black's
advantage is real again. In fairness, both players had less than 3 minutes
left on their clocks.} Rag5+ 35. Kf3 Rh3+ 36. Ke2 {I was hoping for Ke4?? f5
mate!} Rgh5 37. Nc5 a5 38. Na6 Rxh2 {Winning the h pawn, and the a pawn
eventuall also. Black is now winning and rest requires no comment.} 39. Nxc7
Bxf4 40. Na6 Bd6 41. Nc5 Rxf2+ 42. Kxf2 Rh2+ 43. Ke3 Bxc5 44. dxc5 Ke7 45. c6
Kd8 46. Rd4+ Kc7 47. Rd7+ Kxc6 48. Rxf7 Rxa2 49. Kd3 Rb2 50. Kc4 Rc2+ 51. Kd4
Rc3 52. Ra7 Kb6 53. Re7 Rxb3 54. Rxe6+ Kb5 0-1

[Event "2017MOK"]
[Site "Calgary"]
[Date "2017.??.??"]
[Round "5.1"]
[White "Ng, Gary"]
[Black "Findlay, Ian"]
[Result "1-0"]
[WhiteElo "2354"]
[BlackElo "2290"]
[PlyCount "49"]
[EventDate "2017.??.??"]
[SourceDate "2017.09.01"]
[TimeControl "90+30"]

1. Nf3 Nf6 2. c4 e6 3. g3 d5 4. Bg2 Be7 5. O-O O-O 6. d4 dxc4 7. Ne5 Nc6 8.
Nxc6 (8. Nxc4) 8... bxc6 9. Na3 (9. Bxc6) 9... c3 10. bxc3 Nd5 11. Qc2 Rb8 12.
e4 Nb6 13. Rd1 Ba6 14. c4 Qc8 15. c5 (15. e5 Nd7) 15... Nd7 16. Nc4 Bxc4 17.
Qxc4 Rd8 18. Be3 Qb7 19. Qc2 f6 20. Rab1 Qa6 21. Bf1 Qa5 22. a4 Rb4 23. Rxb4
Qxb4 24. Rb1 (24. Ra1) 24... Qa5 25. Bg2 1-0

[Event "2017 Alberta Seniors Championship"]
[Site "?"]
[Date "2017.04.08"]
[Round "1"]
[White "Daniluk, Jim"]
[Black "Findlay, Ian"]
[Result "1/2-1/2"]
[WhiteElo "1964"]
[BlackElo "2300"]
[PlyCount "67"]
[SourceDate "2017.09.01"]

1. d4 Nf6 2. Nf3 e6 3. c4 c5 4. d5 exd5 5. cxd5 d6 6. Nc3 g6 7. e4 Bg7 8. Bb5+
Nbd7 9. a4 a6 10. Be2 O-O 11. O-O Re8 12. h3 Nxe4 13. Nxe4 Rxe4 14. Bd3 Re8 15.
Bg5 Nf6 16. Qd2 Qc7 17. Rfe1 Bd7 18. Nh2 Rxe1+ (18... Nxd5 19. Bxg6 hxg6 20.
Qxd5) 19. Rxe1 Re8 20. Rxe8+ Bxe8 21. Bxf6 Bxf6 22. Ng4 Bd4 23. b3 Qe7 24. Qa5
Bd7 25. Nh2 b6 26. Qd2 b5 27. Nf3 Bf6 28. Qa5 c4 29. bxc4 bxa4 30. Bc2 Qe8 (
30... Qe2) 31. Qxa6 Be7 32. Qa7 Bf6 33. Qa6 Be7 34. Qa7 1/2-1/2

[Event "2017JohnSchleinich"]
[Site "Calgary"]
[Date "2017.??.??"]
[Round "1.2"]
[White "Malek, Omid"]
[Black "Findlay, Ian"]
[Result "0-1"]
[WhiteElo "2182"]
[BlackElo "2289"]
[PlyCount "36"]
[EventDate "2017.??.??"]
[SourceDate "2017.09.01"]

1. d4 Nf6 2. Bg5 Ne4 3. Bf4 d5 4. e3 c5 5. Bd3 cxd4 6. exd4 Nc6 7. Bxe4 dxe4 8.
Ne2 {Caruana had this position as white in the 2014 World Blitz Championship
and went on to win in 54 moves over GM Peter Michalik. Michalik responded 8. ..
.e5!?} g6 9. d5 Bg7 $1 10. Nbc3 (10. dxc6 $2 Qxd1+ 11. Kxd1 Bxb2 12. Nbc3 Bxa1
{-+}) 10... Ne5 {A complicated pawn sac on e4.} 11. O-O (11. Nxe4 Nc4 12. b3
Bf5 13. N2g3 Qa5+ {and Black has nearly full compensation for the pawn. White
has to move his king or return the pawn on c3; otherwise black will come out
ahead on material.}) 11... Nc4 12. b3 Nd6 13. Rb1 Bg4 14. Qe1 Rc8 15. Rc1 O-O
16. Nd1 e6 17. Ne3 $4 {Attacking the troublesome g4 bishop; however, black can
win material with a combination.} Bxe2 18. Qxe2 e5 {Here, facing an FM and the
loss of a piece, white resigns. If 19. Bg3, then 19. ..f5, and white can do
nothing about the fork on f4.} 0-1

[Event "2017 Alberta Seniors Championship"]
[Site "?"]
[Date "2017.04.08"]
[Round "1"]
[White "Majaducon, Willy"]
[Black "Frialde, Arniel"]
[Result "0-1"]
[WhiteElo "2169"]
[BlackElo "1821"]
[PlyCount "74"]
[SourceDate "2017.09.01"]

1. d4 Nf6 2. c4 c5 3. d5 d6 4. Nc3 g6 5. e4 Bg7 6. Nf3 O-O 7. Be2 e5 8. O-O h6
9. h3 a6 10. Be3 Nh5 11. Qd2 Kh7 12. Rab1 f5 13. exf5 Bxf5 14. Rbc1 Nf4 15.
Bxf4 exf4 16. Bd3 Nd7 17. Bxf5 Rxf5 18. Rfe1 Ne5 19. Qe2 b5 20. cxb5 axb5 21.
b3 b4 22. Ne4 Nxf3+ 23. gxf3 Qh4 24. Kg2 (24. Kh2 Rxa2 25. Qxa2 Rh5) 24... Re8
25. Rh1 Bd4 26. Rc2 Re7 27. Kh2 Rh5 28. Qf1 Rxe4 29. fxe4 Bxf2 30. Rg1 Bxg1+
31. Kxg1 Qg3+ 32. Qg2 Rxh3 33. Qxg3 Rxg3+ 34. Kf2 Re3 35. Re2 Rxe2+ 36. Kxe2
Kg7 37. Kf3 g5 0-1

[Event "InternationalQualifier"]
[Site "Calgary"]
[Date "2017.??.??"]
[Round "1.8"]
[White "Scholz, Mike"]
[Black "Gallemaso, Bong"]
[Result "0-1"]
[WhiteElo "1457"]
[BlackElo "2032"]
[PlyCount "66"]
[EventDate "2017.??.??"]
[SourceDate "2017.09.01"]

1. e4 c6 2. Nc3 d5 3. exd5 cxd5 4. d4 Nf6 5. Bb5+ Nc6 6. Nf3 a6 7. Bxc6+ bxc6
8. O-O Bg4 9. Qd3 e6 10. Ne5 Bf5 11. Qe2 Qc7 12. b3 (12. f3 Bd6 13. Bf4 O-O 14.
Na4 Nd7 15. Nxd7 Bxf4 16. Nxf8 Bxh2+ 17. Kh1 Rxf8 18. Nc5 Bd6 19. Nxa6 Qe7)
12... Bd6 13. Bf4 O-O 14. Na4 Nd7 15. Nxd7 Bxf4 16. Nxf8 Bxh2+ 17. Kh1 Rxf8 18.
Nc5 Bd6 19. Nxa6 Qe7 20. Qh5 Bg6 21. Qh3 Qf6 22. Nc5 Qxd4 23. Nxe6 Qe5 24. Nxf8
Bxf8 25. Rfe1 Qf6 26. c3 Bf5 27. Qg3 g6 28. Re8 Kg7 29. f4 Bd6 30. Rae1 Bd7 31.
R8e2 Bxf4 32. Qf2 Qg5 33. Qg1 Qh4+ 0-1

[Event "2017 Edmonton International"]
[Site "?"]
[Date "2017.06.22"]
[Round "5"]
[White "Porper, Edward"]
[Black "Gardner, Rob"]
[Result "1/2-1/2"]
[WhiteElo "2468"]
[BlackElo "2271"]
[PlyCount "79"]
[SourceDate "2017.09.01"]

1. d4 Nf6 2. c4 e6 3. Nf3 d5 4. Nc3 Be7 5. Bf4 O-O 6. e3 c5 7. dxc5 Bxc5 8.
cxd5 Nxd5 9. Nxd5 exd5 10. a3 Bf5 11. Bd3 Qf6 12. Bxf5 (12. Be5) 12... Qxf5 13.
O-O Nc6 14. Qb3 Bb6 15. Qb5 Qe4 16. Nd2 Qe6 17. a4 d4 18. e4 Na5 19. b4 a6 20.
Qd3 Nc6 21. Rab1 Ne5 22. Bxe5 Qxe5 23. a5 Ba7 24. b5 axb5 25. Rxb5 Qc7 26. Nf3
Rfd8 27. e5 h6 28. Qb3 Rab8 29. e6 fxe6 30. Qxe6+ Qf7 31. Qe4 d3 32. g3 d2 33.
Rd1 Re8 34. Qd5 Re1+ 35. Rxe1 dxe1=Q+ 36. Nxe1 Bxf2+ 37. Kf1 Qxd5 38. Rxd5 Rf8
39. Ke2 b6 40. Nf3 1/2-1/2

[Event "2017 Edmonton International"]
[Site "?"]
[Date "2017.06.21"]
[Round "3"]
[White "Sevillano, Enrico"]
[Black "Gardner, Rob"]
[Result "1-0"]
[WhiteElo "2566"]
[BlackElo "2271"]
[PlyCount "79"]
[SourceDate "2017.09.01"]

1. e4 d6 2. d4 Nf6 3. Nc3 g6 4. Be2 Nc6 5. d5 Nb8 6. Nf3 Bg7 7. O-O O-O 8. Re1
c5 9. h3 b6 10. e5 Ne8 11. Bc4 Ba6 12. Qe2 Bxc4 13. Qxc4 Nd7 14. Bf4 dxe5 15.
Nxe5 Nd6 16. Qd3 Nxe5 17. Bxe5 f6 18. Bf4 Qd7 19. a4 Rad8 20. Rad1 Rfe8 21. Re6
Nf5 22. Nb5 Bh6 23. Bh2 Ng7 24. Re2 Rc8 25. Qc4 Nf5 26. Nxa7 Ra8 (26... Qxa7
27. d6+ Kg7 28. d7 Red8) 27. Nb5 Nd4 28. Ree1 Ra5 29. Nxd4 cxd4 30. Qxd4 Rxa4
31. Qxb6 Rc4 32. c3 Rec8 33. Rd4 R4c5 34. Qb3 Kf8 35. Bg3 Bg7 36. Re6 f5 37.
Rd1 Rb5 38. Qa2 Rd8 39. d6 Ke8 40. Rde1 1-0